Nuclear or not : (Record no. 190826)
[ view plain ]
| 000 -LEADER | |
|---|---|
| fixed length control field | 01176nam a2200325 a 4500 |
| 001 - CONTROL NUMBER | |
| control field | vtls000184029 |
| 003 - CONTROL NUMBER IDENTIFIER | |
| control field | NLI |
| 005 - DATE AND TIME OF LATEST TRANSACTION | |
| control field | 20210602111253.0 |
| 008 - FIXED-LENGTH DATA ELEMENTS--GENERAL INFORMATION | |
| fixed length control field | 101125s2007 enka 001 0 eng |
| 020 ## - INTERNATIONAL STANDARD BOOK NUMBER | |
| International Standard Book Number | 9780230507647 : |
| Terms of availability | PND 50.00 |
| 039 #9 - LEVEL OF BIBLIOGRAPHIC CONTROL AND CODING DETAIL [OBSOLETE] | |
| -- | 201011252215 |
| -- | VLOAD |
| 040 ## - CATALOGING SOURCE | |
| Original cataloging agency | NLI |
| Language of cataloging | eng |
| Transcribing agency | Datasoft 1 |
| Description conventions | AACR2 |
| 041 0# - LANGUAGE CODE | |
| Language code of text/sound track or separate title | eng |
| 044 ## - COUNTRY OF PUBLISHING/PRODUCING ENTITY CODE | |
| MARC country code | enk |
| 082 04 - DEWEY DECIMAL CLASSIFICATION NUMBER | |
| Classification number | 333.79240941 |
| 245 00 - TITLE STATEMENT | |
| Title | Nuclear or not : |
| Remainder of title | does nuclear power have a place in a sustainable energy future / |
| Statement of responsibility, etc. | edited by David Elliott |
| 246 0# - VARYING FORM OF TITLE | |
| Title proper/short title | Does nuclear power have a place in a sustainable energy future |
| 260 ## - PUBLICATION, DISTRIBUTION, ETC. | |
| Place of publication, distribution, etc. | Basingstoke : |
| Name of publisher, distributor, etc. | Palgrave Macmillian, |
| Date of publication, distribution, etc. | 2007 |
| 300 ## - PHYSICAL DESCRIPTION | |
| Extent | xxiv, 257 p. : |
| Other physical details | ill. ; |
| Dimensions | 23 cm. |
| 440 #0 - SERIES STATEMENT/ADDED ENTRY--TITLE | |
| Title | Energy, climate and the environment series |
| 9 (RLIN) | 359447 |
| 500 ## - GENERAL NOTE | |
| General note | Includes index |
| 650 #0 - SUBJECT ADDED ENTRY--TOPICAL TERM | |
| Topical term or geographic name entry element | Nuclear industry |
| General subdivision | Environmental aspects |
| Geographic subdivision | Great Britain |
| 9 (RLIN) | 359448 |
| 650 #0 - SUBJECT ADDED ENTRY--TOPICAL TERM | |
| Topical term or geographic name entry element | Nuclear power plants |
| General subdivision | Environmental aspects |
| Geographic subdivision | Great Britain |
| 9 (RLIN) | 359449 |
| 700 1# - ADDED ENTRY--PERSONAL NAME | |
| Personal name | Elliott, David, |
| Dates associated with a name | 1943-, |
| Relationship | edt |
| 9 (RLIN) | 282649 |
| 887 ## - NON-MARC INFORMATION FIELD | |
| Content of non-MARC field | |
| 901 ## - LOCAL DATA ELEMENT A, LDA (RLIN) | |
| a | 558443 |
| b | 13.02.2008 |
| 902 ## - LOCAL DATA ELEMENT B, LDB (RLIN) | |
| a | E 333.79240941 N 883 |
| 942 ## - ADDED ENTRY ELEMENTS (KOHA) | |
| Source of classification or shelving scheme | Dewey Decimal Classification |
| Koha item type | Books |
| 949 ## - LOCAL PROCESSING INFORMATION (OCLC) | |
| -- | VIRTUAITEM |
| -- | 10000 |
| -- | 100 |
| 6 | PUR000558443ENG |
| Withdrawn status | Lost status | Damaged status | Not for loan | Collection code | Home library | Current library | Shelving location | Date acquired | Total Checkouts | Full call number | Barcode | Date last seen | Price effective from | Koha item type |
|---|---|---|---|---|---|---|---|---|---|---|---|---|---|---|
| New English | National Library of India | National Library of India | New English - Main Stack Division | E 333.79240941 N 883 | PUR000558443ENG | 02/06/2021 | 02/06/2021 | Books |
